| 000 | 01057nam a2200325 a 4500 | ||
|---|---|---|---|
| 001 | vtls000098056 | ||
| 003 | NLI | ||
| 005 | 20210601200645.0 | ||
| 008 | 101125s1951 nyu d 000 0 eng | ||
| 020 | _cUSD 4.50 | ||
| 039 | 9 |
_a201603171555 _bkrishanuc _y201011251116 _zVLOAD |
|
| 040 |
_aNLI _beng _cDataSoft _eAACR2 |
||
| 041 | 0 | _aeng | |
| 044 | _anyu | ||
| 082 | 0 | 4 | _a330.3 |
| 245 | 0 | 2 |
_aA dictionary of economics / _ccompiled by Horold Sloan and Arnold J. Zurcher |
| 260 |
_aNew York : _bBarnes & Noble, _c1951 |
||
| 300 |
_a279 p. ; _c23 cm. |
||
| 650 | 0 |
_aEconomics _vDictionaries _9207358 |
|
| 650 | 0 |
_aEconomics _xTerminology _9129543 |
|
| 700 | 1 |
_aSloan, Harld, _4com _9207359 |
|
| 700 | 1 |
_aZurcher, Arnold J., _4com _9207360 |
|
| 887 | _a krishanu | ||
| 901 |
_a293077 : _b19.11.1952 |
||
| 902 | _aE 330.3 D 561 | ||
| 905 | _akrishanu | ||
| 949 |
_AVIRTUAITEM _D10000 _X100 _6PUR000293077ENG |
||
| 942 |
_2ddc _cBKS |
||
| 999 |
_aVIRTUA00 _c102000 _d102000 |
||
| 999 | _aVTLSSORT0080*0200*0400*0410*0440*0820*2450*2600*3000*6500*6501*7000*7001*9010*9020*9050*9490*9992 | ||